| 000 | 00521nam a22001817a 4500 | ||
|---|---|---|---|
| 005 | 20250714160731.0 | ||
| 008 | 250714b |||||||| |||| 00| 0 eng d | ||
| 020 | _a978-981-4646-93-2 | ||
| 100 | _aBRICKLEY A. JAMES | ||
| 245 | _aMANAGERIAL ECONOMICS AND ORGANIZATIONAL ARCHITECTURE | ||
| 250 | _a6TH ED. | ||
| 260 |
_aNEW YORK _bMCGRAW HILL _c2016 |
||
| 300 | _aXXVI,739P. | ||
| 500 | _aINCLUDES AN INDEX | ||
| 650 | _amanagerial economics | ||
| 700 | _aCLIFFORD W. SMITH, JEROLD L. ZIMMERMAN | ||
| 942 |
_2lcc _cBK |
||
| 999 |
_c215894 _d215894 |
||